Biblioteca

Predicación y medios de comunicación social (Registro nro. 69524)

Detalles MARC
000 -LÍDER
Campo fijo de descripción fija 01339nab a2200229 i 4500
001 - NÚMERO DE CONTROL
Campo de control 768714001
003 - IDENTIFICADOR DEL NÚMERO DE CONTROL
Campo de control CO-MdFUSB
005 - FECHA Y HORA DE LA ULTIMA TRANSACCIÓN
control field 20240506124243.0
008 - ELEMENTOS DE LONGITUD FIJA -- INFORMACIÓN GENERAL
Campo fijo de descripción fija -- Información general 240506t1968 sp ||||| |||| 00| 0 spa d
040 ## - FUENTE DE CATALOGACIÓN
Idioma de catalogación spa
Agencia que realiza la transcripción CO-MdFUSB
Agencia que realiza la modificación CO-MdFUSB
041 ## - CÓDIGO DE IDIOMA
Código de idioma para texto/pista de sonido o título separado spa
100 ## - ASIENTO PRINCIPAL--NOMBRE PERSONAL
Nombre personal Schuster, Heinz,
Término relacionador autor
245 ## - TÍTULO
Título Predicación y medios de comunicación social
Mención de responsabilidad / H. Schuster , K. Hoffmann
520 ## - NOTA DE RESUMEN, ETC.
Nota de sumario, etc. Este artículo estudia la relación de la iglesia y como transmite su mensaje. Teniendo en cuenta, la era actual de interacción entre sociedades humanas, parece que la iglesia está más confundida que antes en su misión de predicación. En el desempeño de su tarea de proclamar la palabra de Dios, ya sea en una comunidad religiosa o en un ambiente pagano, la iglesia a lo largo de la historia siempre ha sabido aprovechar la situación y los medios de comunicación. disponer sin dudarlo, pero también sin teorías grandiosas
650 #7 - ASIENTO SECUNDARIO DE MATERIA - TERMINO TEMÁTICO
Término temático o nombre geográfico como elemento de entrada Teología pastoral
9 (RLIN) 227
650 #0 - ASIENTO SECUNDARIO DE MATERIA - TERMINO TEMÁTICO
Término temático o nombre geográfico como elemento de entrada Predicación
9 (RLIN) 54
653 ## - TÉRMINO DE INDIZACIÓN - NO CONTROLADO
Término no controlado Medios de comunicación social
700 ## - ENTR. SECUNDARIA - Nombre Personal (R)
Nombre de persona Hoffmann, Karlheinz,
Término indicativo de función autor
773 0# - ASIENTO DE ITEM FUENTE
Biblionumber 49450
Itemnumber 82593
Otro identificador del ítem R2523
Título Revista internacional de teología Concilium
Número de control del registro (CO-MdFUSB)8
Número Internacional Normalizado para Publicaciones Seriadas (ISSN) 0210-1041
Parte(s) relacionada(s) / Volumen., número. (mes año), páginas Número 33, (marzo, 1968), páginas: 507 - 516
Enumeración y primera página página: 507
942 ## - TIPO DE MATERIAL (KOHA)
Tipo de Item KOHA Artículos de Revista
945 ## - INFORMACIÓN LOCAL DEL REGISTRO
Catalogador Catherine Arias Alvarez - Practicante SENA

No hay ítems disponibles.

Biblioteca FUSBC | Teléfono: (57+4) 349 88 10 Ext. 141| WhatsApp (+57) 3005338115 
E-mail: biblioteca@unisbc.edu.co | Calle 76 87-14 Robledo Palenque, Medellín, Colombia

Con tecnología Koha